Advances in Catalysis Vol. 38

Saved in:
Bibliographic Details
Other Authors: Eley, Daniel Douglas, Pines, Herman, Weisz, Paul B.
Format: Book
Language:English
Published: New York Academic Press 1992
Edition:1.ed.
Subjects:
Online Access:View in OPAC
Tags: Add Tag
No Tags, Be the first to tag this record!

MARC

LEADER 00000nam a2200000 a 4500
005 20260127134220.0
008 090515 1992 xxu 000 0 eng d
020 |a 0120078384 
035 |a vtls009512836 
039 9 |y 200905150840  |z mschk03 
040 |a STUSCHK1  |b slo  |c STUSCHK1  |e AACR2 
080 |a 542.97(082) 
245 1 |a Advances in Catalysis  |n Vol. 38  |c Edited by D.D. Eley, Herman Pines, Paul B. Weisz 
250 |a 1.ed. 
260 |a New York  |b Academic Press  |c 1992 
300 |a ix, 412 p.  |b ill.  |c 23,5 cm 
650 0 |a Catalysis 
650 0 |a Chemistry 
700 1 |a Eley, Daniel Douglas 
700 1 |a Pines, Herman 
700 1 |a Weisz, Paul B. 
910 |a SCHK95 
919 |a 0-12007838-4 
999 |c 6900  |d 6900